| 000 | 00782cam a22002537a 4500 | ||
|---|---|---|---|
| 003 | CHAP | ||
| 005 | 20220329140531.0 | ||
| 008 | 971013s r 00010 d | ||
| 010 | _a53481 | ||
| 011 | _a54453 | ||
| 035 | _a58604 | ||
| 040 | _cCHAP | ||
| 090 | _aR-102 | ||
| 100 | 0 | 0 |
_aWells, N. _9121449 |
| 245 | 1 | 4 | _aThe influence of hudrothermal activity on the element ccontent of soil and plants |
| 500 | _aSobretiro de: New Zealand Journal of Science 9(4):982-991, 1966 | ||
| 590 |
_aBATCH-UPD _b10 _c20130110 _lUCH01 _h0825 |
||
| 590 |
_aCONVERSION _b10 _c20130109 _lUCH01 _h1329 |
||
| 650 | 1 | 4 |
_aPlantas _xElementos minerales. _988823 |
| 650 | 1 | 4 |
_aSuelos _xElementos minerales. _9110356 |
| 901 | _aBK | ||
| 942 | _cREIMP | ||
| 949 |
_aR-102 _bBC _cR _d-127146 _eTS1 _i58604 _si |
||
| 999 |
_c53481 _d53481 |
||